| 000 | 00635nam a2200229Ia 4500 | ||
|---|---|---|---|
| 005 | 20250508165905.0 | ||
| 008 | 008 250505s9999 xx 000 0 eng d | ||
| 020 | _a978-0-815-34977-8 | ||
| 037 | _aTextBook | ||
| 040 |
_aFEDL _beng _cFEDL |
||
| 041 |
_aeng _2eng |
||
| 084 |
_a001.4, LEE/R _qFEDL |
||
| 100 | _aLeedy Paul D | ||
| 245 | 0 | _aPractical research: Planning and design | |
| 250 | _a11 | ||
| 260 |
_aNoida, India _bPearson India Education Service _c2018 |
||
| 300 | _a407p. | ||
| 365 |
_aINR _b895 |
||
| 700 |
_a Ormrod Jeanne Ellis _9782332 |
||
| 942 |
_cTB _h001.4, LEE/R |
||
| 999 |
_c1398028 _d1398028 |
||